000 00723nam a2200253Ia 4500
001 11188
003 GE_BSU
008 181216s||||||||xx |||||||||||||| ||und||
020 _a5160026185
040 _cGE_BSU
080 _a352(035.3):005
100 _aИВАНОВ, В.В. А.Н. КОРОБОВА.
245 _aМУНИЦИПАЛЬНОЕ УПРАВЛЕНИЕ.
245 _bСПРАВОЧНОЕ ПОСОБИЕ
250 _a2-Е ИЗД; ДОП.
260 _aМОСКВА.
260 _bИНФРА-М.
260 _c2013.
300 _a718с;ил;25см.
300 _eфото;библиогр.стр 707-713.
541 _h44Л
653 _aМУНИЦИПАЛЬНОЕ УПРАВЛЕНИЕ.
942 _cBK
999 _c44422
_d44422